000 00605nam a2200181Ia 4500
999 _c35551
_d35551
003 GCL
005 20240530102937.0
008 140319s9999 xx 000 0 ara d
040 _aGCL /
_cGCL
082 0 4 _a145
_bو ع
100 1 _aوولش ، ديفيد
245 1 0 _aعصر مابعد الايدلوجية: اسرار مثيرة عن عصر الحريات فى الاداب والفلسفة والدين /
_cديفيد وولش
260 _a[S.N] :
_bمكتبة مدبولى ،
_c1995
300 _a348 ص
700 1 _aطلعت غنيم
710 1 _aسامية الشامى
942 _2ddc
_cBK